[Event "Budapest-chT1 Lilienthal 1718"]
[Site "Budapest"]
[Date "2018.03.18"]
[Round "12"]
[White "Kalman, Tamas"]
[Black "Juhasz, Agoston Botond"]
[Result "0-1"]
[WhiteElo "1598"]
[BlackElo "2013"]
[PlyCount "78"]
[EventDate "2017.10.01"]
[EventType "team-tourn"]
[EventRounds "13"]
[EventCountry "HUN"]
[SourceTitle "EXT 2021"]
[Source "ChessBase"]
[SourceDate "2020.10.23"]
[SourceVersion "1"]
[SourceVersionDate "2020.10.23"]
[SourceQuality "1"]
[WhiteTeam "SENSE"]
[BlackTeam "Budapest MTK III"]
[WhiteTeamCountry "HUN"]
[BlackTeamCountry "HUN"]

1. e4 c6 2. Nc3 d5 3. d4 dxe4 4. Nxe4 Bf5 5. Ng3 Bg6 6. Nf3 Nd7 7. h4 h6 8. h5 Bh7 9. Bd3 Bxd3 10. Qxd3 e6 11. Bf4 Qa5+ 12. Bd2 Bb4 13. Qb3 Bxd2+ 14. Nxd2 Qb6 15. Qxb6 axb6 16. Nc4 Ngf6 17. a3 Ke7 18. f3 b5 19. Nd2 Nd5 20. Kf2 Rhd8 21. Rhe1 N7f6 22. Nde4 b6 23. Rad1 Rd7 24. Rh1 Rad8 25. Ne2 Nxe4+ 26. fxe4 Nf6 27. Kf3 e5 28. c3 Kf8 29. g4 exd4 30. Rxd4 c5 31. Rxd7 Rxd7 32. e5 Nh7 33. Ke3 Re7 34. Ke4 f6 35. Rd1 Rxe5+ 36. Kf3 f5 37. gxf5 Ng5+ 38. Kf2 Rxf5+ 39. Kg3 Ne4+ 0-1

[Event "Budapest Karacsonyi op 5th"]
[Site "Budapest"]
[Date "2013.12.30"]
[Round "7"]
[White "Szoukup, Istvan"]
[Black "Kalman, Tamas"]
[Result "1-0"]
[WhiteElo "1835"]
[BlackElo "1578"]
[PlyCount "27"]
[EventDate "2013.12.27"]
[EventType "swiss"]
[EventRounds "7"]
[EventCountry "HUN"]
[SourceTitle "CBM 158 Extra"]
[Source "ChessBase"]
[SourceDate "2014.02.28"]
[SourceVersion "1"]
[SourceVersionDate "2014.02.28"]
[SourceQuality "1"]

1. d4 Nf6 2. c4 e6 3. Nc3 Bb4 4. e3 b6 5. Bd3 Bb7 6. f3 d5 7. Qa4+ Nc6 8. cxd5 Bxc3+ 9. bxc3 Qxd5 10. Ne2 0-0 11. 0-0 Rfd8 12. e4 Qh5 13. Bb5 Ne7 14. Nf4 1-0

[Event "Budapest Karacsonyi op 4th"]
[Site "Budapest"]
[Date "2012.12.29"]
[Round "4"]
[White "Kalman, Tamas"]
[Black "Koltai, Daniel"]
[Result "0-1"]
[WhiteElo "1575"]
[BlackElo "1503"]
[PlyCount "44"]
[EventDate "2012.12.27"]
[EventType "swiss"]
[EventRounds "7"]
[EventCountry "HUN"]
[SourceTitle "EXT 2014"]
[Source "ChessBase"]
[SourceDate "2013.11.20"]
[SourceVersion "1"]
[SourceVersionDate "2013.11.20"]
[SourceQuality "1"]

1. e4 c5 2. Nf3 d6 3. d4 cxd4 4. Nxd4 Nf6 5. Nc3 g6 6. Be3 Bg7 7. f3 0-0 8. Bc4 Nc6 9. Qd2 Bd7 10. Bb3 Rc8 11. 0-0-0 Na5 12. Kb1 Nc4 13. Bxc4 Rxc4 14. g4 Qc7 15. h4 Rc8 16. Nde2 b5 17. a3 b4 18. axb4 Rxb4 19. g5 Nh5 20. Bd4 Bxd4 21. Nxd4 Qxc3 22. Nb3 Qxd2 0-1

[Event "Budapest Karacsonyi op 4th"]
[Site "Budapest"]
[Date "2012.12.29"]
[Round "5"]
[White "Karacsonyi, Kata"]
[Black "Kalman, Tamas"]
[Result "0-1"]
[WhiteElo "1263"]
[BlackElo "1575"]
[PlyCount "50"]
[EventDate "2012.12.27"]
[EventType "swiss"]
[EventRounds "7"]
[EventCountry "HUN"]
[SourceTitle "EXT 2014"]
[Source "ChessBase"]
[SourceDate "2013.11.20"]
[SourceVersion "1"]
[SourceVersionDate "2013.11.20"]
[SourceQuality "1"]

1. e4 e5 2. Nf3 Nc6 3. Bc4 Nf6 4. Nc3 Nxe4 5. Nxe4 d5 6. Bd3 dxe4 7. Bxe4 Qd6 8. 0-0 f6 9. Re1 Bg4 10. h3 Bh5 11. d4 0-0-0 12. Be3 exd4 13. Bxc6 Qxc6 14. Bf4 Bxf3 15. Qxf3 Qxf3 16. gxf3 Bb4 17. Re2 d3 18. cxd3 Rxd3 19. Rc1 c6 20. a3 Ba5 21. b4 Rxf3 22. Bg3 Bb6 23. b5 Rxg3+ 24. Kf1 Rxh3 25. bxc6 Rh1+ 0-1

[Event "Budapest FS11 FM-C"]
[Site "Budapest"]
[Date "2011.11.15"]
[Round "11"]
[White "Kalman, Tamas"]
[Black "Koltai, Daniel"]
[Result "1-0"]
[WhiteElo "1618"]
[BlackElo "1422"]
[PlyCount "87"]
[EventDate "2011.11.05"]
[EventType "tourn"]
[EventRounds "11"]
[EventCountry "HUN"]
[SourceTitle "EXT 2012"]
[Source "ChessBase"]
[SourceDate "2011.11.24"]
[SourceVersion "1"]
[SourceVersionDate "2011.11.24"]
[SourceQuality "1"]

1. e4 c5 2. Nf3 d6 3. d4 cxd4 4. Nxd4 Nf6 5. Nc3 g6 6. Be3 Bg7 7. f3 0-0 8. Qd2 Nc6 9. Bc4 Bd7 10. 0-0-0 Ne5 11. Bb3 Rc8 12. Qe2 a6 13. Kb1 b5 14. g4 b4 15. Nd5 Nxd5 16. Bxd5 a5 17. h4 a4 18. h5 e6 19. Bb7 Rb8 20. Ba6 Qa5 21. hxg6 fxg6 22. Bh6 Bxh6 23. Rxh6 Rf7 24. Bc4 Nxc4 25. Qxc4 d5 26. Qe2 e5 27. Qh2 Re8 28. Ne2 d4 29. Rh1 Ree7 30. Rxg6+ Kf8 31. Qh6+ Rg7 32. Rf6+ Ref7 33. g5 b3 34. cxb3 axb3 35. a3 Qd2 36. Nc1 Ba4 37. Rxf7+ Kxf7 38. Qf6+ Kg8 39. Qxe5 Rxg5 40. Qb8+ Kf7 41. Qa7+ Ke6 42. Qxa4 Qc2+ 43. Ka1 Rc5 44. Qxb3+ 1-0